| 000 | 00000nas 2200000zi 4500 |
| 001 | 9.889008 |
| 003 | CaOODSP |
| 005 | 20221107172145 |
| 006 | m o d f |
| 007 | cr ||||||||||| |
| 008 | 200707c19819999onc x m o f0###|0fre|d |
| 022 | |y0706-649X |
| 040 | |aCaOODSP|bfre|erda|cCaOODSP |
| 043 | |an-cn--- |
| 086 | 1 |aFs41-31F-PDF |
| 130 | 0 |aPublication spéciale canadienne des sciences halieutiques et aquatiques. |
| 245 | 10|aPublication spéciale canadienne des sciences halieutiques et aquatiques. |
| 264 | 1|aOttawa : |bMinistère des pêches et des océans, |c1981- |
| 310 | |aIrrégulier |
| 336 | |atexte|btxt|2rdacontent/fre |
| 337 | |ainformatique|bc|2rdamedia/fre |
| 338 | |aressource en ligne|bcr|2rdacarrier/fre |
| 362 | 1 |aParaît depuis : 43F. |
| 500 | |aPublié aussi en anglais sous le titre : Canadian special publication of fisheries and aquatic sciences. |
| 710 | 1 |aCanada. |bMinistère des pêches et des océans, |eorganisme de publication |
| 775 | 08|tCanadian special publication of fisheries and aquatic sciences.|w(CaOODSP)9.806457 |
| 775 | 08|tCanadian special publication of fisheries and aquatic sciences |w(CaOODSP)9.816386 |